000 00640nam a2200277Ia 4500
001 4324
003 8526
005 20250306062536.0
008 ||||||n9999 ||| || ||
041 _aspa
082 _219
_a335
100 1 _aTrotsky, Leon,
_d1877-1940
_9183072
245 0 _aMi vida
_bEnsayo autobiografico
260 _aMéxico :
_bJuan Pablos,
_c1973.
300 _a612p
490 _aObras de leon trotsky
562 _e1
650 0 _aAutobiografĂ­a
_97837
650 0 _aComunismo
_93688
650 0 _aMarxismo
_9776
942 _cBKM
942 _cBKM
999 _c4324
_d4324
526 _a4969
526 _a51868
526 _a1697